000 00753cam a22002412 4500
001 0000002286
005 20151217151847.0
008 070405s xx 000 0 eng d
020 _a0697007383 :
_cKES 2,184
040 _aKABU
_cKABU
050 0 _aHF5548.2
_b.G598 1988
100 1 _aGore, Marvin.
_@0000151612
245 1 0 _aElements of systems analysis /
_cMarvin Gore, John W. Stubbe.
250 _a4th ed.
260 _aDubuque, lowa :
_bWm. C. Brown,
_c1988.
300 _axxiii, 616 p.
650 0 _aSystem analysis.
_@0000148439
700 1 _aStubbe, John W.
_@0000151613
908 _a070405
950 _@1
999 _c5764
_d5764